000
00288nam a22001337a 4500
003
SGT
020
_a
978-93-86478-98-6
082
_a
611
_b
R18R
100
_a
RAVIRAJ, K.
245
_a
REVISE ANATOMY IN 15 DAYS
260
_a
INDIA
_b
CBS PUB
_c
2018
300
_a
511
942
_2
ddc
_c
BK
_0
7
999
_c
18221
_d
18221